| Tag |
First Indicator |
Second Indicator |
Subfields |
| LEADER |
00000cam a2200000I 4500 |
| 001 |
in00002058821 |
| 005 |
20151101183348.0 |
| 008 |
780814s1967 ru a b 001 0 rusr |
| 010 |
|
|
|a 68040730
|
| 035 |
|
|
|a (OCoLC)ocm04140440
|
| 040 |
|
|
|a DLC
|c IWA
|d OCLCQ
|d TXA
|d UtOrBLW
|
| 049 |
|
|
|a TXAM
|
| 050 |
0 |
0 |
|a PG3317.M8
|b A17 1967
|
| 100 |
1 |
|
|a Muravʹev, Mikhail Nikitich,
|d 1757-1807.
|
| 245 |
1 |
0 |
|a Stikhotvorenii︠a︡ /
|c Vstup. statʹi︠a︡, podgotovka teksta i primechanii︠a︡ L.I. Kulakovoĭ.
|
| 264 |
|
1 |
|a [Leningrad] :
|b Sov. pisatelʹ; Leningradskoe otd-nie,
|c 1967.
|
| 300 |
|
|
|a 385 pages :
|b illustrations, facsimiles, portraits ;
|c 21 cm.
|
| 336 |
|
|
|a text
|b txt
|2 rdacontent
|
| 337 |
|
|
|a unmediated
|b n
|2 rdamedia
|
| 338 |
|
|
|a volume
|b nc
|2 rdacarrier
|
| 490 |
1 |
|
|a Biblioteka poėta. Bolʹshai︠a︡ serii︠a︡ ;
|v 2. izd
|
| 504 |
|
|
|a Bibliographical references included in "Primechanii︠a︡" (pages 319-[360]).
|
| 536 |
|
|
|a From the Estate of George and Mathilda Sabo by Dr. Joseph R. Corcoran & Irene Sabo Corcoran and Family. September 1998.
|
| 830 |
|
0 |
|a Biblioteka poėta.
|p Bolʹshai︠a︡ serii︠a︡ ;
|v 2. izd.
|
| 948 |
|
|
|a cataloged
|b h
|c 2005/6/18
|d c
|e spoltoratski
|f 11:30:13 am
|
| 994 |
|
|
|a C0
|b TXA
|
| 999 |
|
|
|a MARS
|
| 999 |
f |
f |
|s cc4cc744-7f8e-3041-b8d4-b48e678c401a
|i b46acc48-4161-3ebf-b355-8896ab0de2da
|t 0
|
| 952 |
f |
f |
|p ric
|a Texas A&M University
|b Rellis Campus
|c Joint Library Facility
|d Remote Storage
|t 0
|e PG3317.M8 A17 1967
|h Library of Congress classification
|i unmediated -- volume
|m A14832582069
|
| 998 |
f |
f |
|a PG3317.M8 A17 1967
|t 0
|l Remote Storage
|